10 największych państw Afryki według powierzchni - Statystyki

Ogólne statystyki
  • Ten quiz został rozwiązany 123 razy
  • Średni wynik to 9 z 10
Statystyki odpowiedzi
km² Państwo % Poprawnych
1 221 037 Republika Południowej Afryki
100%
2 381 741 Algieria
96%
2 344 858 Demokratyczna Republika Konga
95%
1 886 068 Sudan
90%
1 759 540 Libia
89%
1 267 000 Niger
88%
1 284 000 Czad
85%
1 240 192 Mali
82%
1 246 700 Angola
80%
1 104 300 Etiopia
76%
Nie znaleziono quizów pasujących do podanych kryteriów
Rozkład punktacji
Procent ludzi z każdym wynikiem
Percentyl według liczby udzielonych odpowiedzi
Twoja historia wyników
Nie rozwiązałeś tego quizu